00930nam a2200241 a 4500001001000000003000500010005001700015008004100032010001100073011001100084040000900095100002800104245017300132260004100305500006000346502009700406650002400503650002500527650001600552650002600568650002400594856007000618000112284CHAP20220329144255.0160121s2015 mx sm |||||||spa d a108745 a109717 cCHAP1 aGómez López, Ariste10aEfecto de bioaceites esenciales en el control de Moniliophthora roreri (Cif & Par) Evans causante de la moniliasis del cacao/h[En línea]cpor Ariste Gómez López. aChapingo, Méx. :bEl autor,c2015. aPara ver el contenido del material haga clic en la liga aTesis (Ing. Agr. Esp. en Zonas Tropicales) -- UACH. Unidad Regional Universitaria Sursureste14aAceites esenciales.14aCacaoxEnfermedades.14aFungicidas.14aMoniliopthora roreri.14aPlantas tropicales. aFinding aiduhttp://10.13.5.2/tesis/sist112284.pdfzTeclea aquí